000 00476nam a2200181Ia 4500
003 GCL
008 140319s9999 xx 000 0 ara d
040 _aGCL /
_cGCL
082 0 4 _a814
_bا ك
100 1 _aانيس منصور
245 1 0 _aكتاب من كتب /
_cانيس منصور
300 _a338 ص
490 _a
650 0 4 _aالادب العربى
650 0 4 _aالمقالة العربية
650 0 4 _aالمقالات - مجموعات
942 _2ddc
_cBK
999 _c41061
_d41061